000 00742nam a22001697a 4500
999 _c61242
_d61242
005 20240109174133.0
008 240109s1985 ru ||||| |||| 00| 0 rus d
041 _arus
080 _a930.8 А-72
245 _aАнтичность и варварский мир :
_bСборник научных трудов /
_cПод ред. А. В. Исаенко.
264 _aОрджоникидзе:
_bСеверо-Осетин. гос. ун-т им. К. Л. Хетагурова,
_c1985.
300 _a137 с.:
_bил. ;
_c22 см.
653 _aუძველესი ცივილიზაცია
653 _aისტორია
700 _aИсаенко, А. В.
_eრედაქტორი
_921008
942 _2udc
_cᲬᲘᲒᲜᲘ